| 000 | 00539nam a22001817a 4500 | ||
|---|---|---|---|
| 999 |
_c186012 _d186012 |
||
| 005 | 20220211165552.0 | ||
| 010 | _aENG-131545 | ||
| 020 | _c200.00 | ||
| 035 | _aEN-115077 | ||
| 037 | _bDBAD | ||
| 082 | _a921 | ||
| 100 | _aDudhane, Sanjay | ||
| 245 |
_aMajor Dhyan Chand/ _cSanjay Dudhane |
||
| 260 |
_aPune _bVedant Publicity _c2015 |
||
| 270 |
_aB-8, Krishnalella Terrace, Mahatma Society, Lane No. 04, Kothrud _bPune _e411038 _msanjaydudhane@gmail.com |
||
| 300 |
_a200p. _c21cm(pbk) |
||
| 942 |
_2ddc _cEN _h921 _mDUD |
||